| 000 | 00901 a2200277 4500 | ||
|---|---|---|---|
| 001 | 200002765 | ||
| 003 | TR-AnTOB | ||
| 005 | 20240905091757.0 | ||
| 008 | 101223b tu 000 0 | ||
| 020 | _a9756285480 | ||
| 040 |
_aTR-AnTOB _cTR-AnTOB |
||
| 041 | _aeng | ||
| 050 | 1 | 4 |
_aDR1976.C83 _bS36 2010 |
| 090 | _aDR1976.C83 S36 2010 | ||
| 100 | 1 |
_aSancaktar, Caner _970975 |
|
| 245 | 0 | 4 |
_aThe Serbo-Croat relations in Yugoslavia : _b"Constructive cooperation and destructive conflict" / _cCaner Sancaktar. |
| 264 | 1 |
_aİstanbul: _bTASAM Yayınları, _c2010. |
|
| 300 |
_a299 s. _c20 cm. |
||
| 650 | 0 |
_aSerbs _zCroatia _xHistory _y20th century _972466 |
|
| 651 | 0 |
_aHırvatistan _xİlişkiler _zYugoslavya _972464 |
|
| 651 | 0 |
_aCroatia _xRelations _zYugoslavia _972467 |
|
| 651 | 0 |
_aSırbistan _xİlişkiler _zHırvatistan _972469 |
|
| 651 | 0 |
_aSerbia _xRelations _zCroatia _972468 |
|
| 942 |
_cBK _2lcc |
||
| 999 |
_c200002765 _d29649 |
||